Plus grandes villes du monde par lettre - C - Statistiques

Statistiques générales
  • Ce quiz a été pris 409 fois
  • Le résultat moyen est 8 sur 20
Statistiques - réponses
Pays Population Ville % Correct
Maroc 4.271 Mio Casablanca
91%
Danemark 2.931 Mio Copenhague
89%
Venezuela 4.939 Mio Caracas
82%
États-Unis 9.825 Mio Chicago
81%
Chine 23.426 Mio Canton
68%
Sri Lanka 6.081 Mio Colombo
60%
Colombie 4.023 Mio Cali
44%
Bénin 2.558 Mio Cotonou
42%
Chine 14.677 Mio Chengdu
34%
Inde 12.907 Mio Chennai
34%
États-Unis 2.798 Mio Charlotte
32%
Chine 22.252 Mio Chongqing
30%
Bangladesh 4.119 Mio Chittagong
24%
Brésil 3.615 Mio Curitiba
24%
États-Unis 3.587 Mio Cleveland
22%
Philippines 2.849 Mio Cebu
18%
Chine 5.289 Mio Changsha
10%
Chine 4.361 Mio Changchun
9%
Chine 3.291 Mio Changzhou
5%
Indonésie 2.542 Mio Cirebon
2%
Aucun quiz correspondant
Distribution des résultats
% des personnes avec chaque résultat
Percentile par nombre de réponses
Votre historique - résultats
Vous n’avez pas pris ce quiz